• 首页
  • 本馆介绍
  • 公告通知
  • 最新文献
  • 馆藏检索
  • 电子资源
  • 读者导购
  • 参考咨询
  • 我的图书馆
  • 登录
  • 详细信息显示
  • 放入我的书架
  • 预约/预借图书
  • 作者相关作品
  • 分类相关作品
  • 丛书相关作品
  • 出版社相关作品

书目信息

  • 表格格式
  • 工作单格式
  • 卡片格式
题名:
资源型城市转型与发展出路
    
 
作者: 孙雅静 著
分册:  
出版信息: 北京   中国经济出版社  2006.3
页数: 256页
开本: 20cm
丛书名:
单 册:
中图分类: F290
科图分类:
主题词: 城市经济--经济发展--出路
电子资源:
ISBN: 7-5017-6745-9
000 01004nam0 2200301 450
000 00967nam0 2200289 450
000 00965nam0 2200301 450
000 00911nam0 2200277 450
000 00940nam0 2200265 450
000 00903nam0 2200253 45
001 012000016112
005 20061210143617.32
010    @a7-5017-6745-9@dCNY20.00
100    @a20060925d2006 em y0chiy0121 ea
101 0  @achi
102    @aCN@b110000
105    @af z 000yy
200 1  @a资源型城市转型与发展出路@AZi Yuan Xing Cheng Shi Zhuan Xing Yu Fa Zhan Chu Lu@f孙雅静著@FSun Ya Jing Zhu
210    @a北京@c中国经济出版社@d2006.3
215    @a256页@c照片,图表@d20cm
606    @a城市经济@x经济发展@x出路
690    @aF290@v4
701  0 @a孙雅静@ASun Ya Jing@4著
801  0 @aCN@b中图数据@c20061210
905    @a10447@dF290@e357
    
    资源型城市转型与发展出路/孙雅静著.-北京:中国经济出版社,2006.3
    256页:照片,图表;20cm
    
    
    ISBN 7-5017-6745-9:CNY20.00
    
●
相关链接 在E读中查询图书 在五车中查询图书 在当当中查询图书 在豆瓣中查询图书


正题名:资源型城市转型与发展出路     索取号:F290/357         预约/预借

序号 登录号 条形码 馆藏地/架位号 状态 备注
1 0612210   206122104   第一样本阅览室/ [索取号:F290/357] 在馆    
2 0612211   206122113   第一借阅区/ [索取号:F290/357] 在馆    
3 0612212   206122122   第一借阅区/ [索取号:F290/357] 在馆    
4 0612213   206122131   第一借阅区/ [索取号:F290/357] 在馆    
5 0612214   206122140   第一借阅区/ [索取号:F290/357] 在馆    
6 0612215   206122159   第一借阅区/ [索取号:F290/357] 在馆    
唐山师范学院图书馆 欢迎您!
大连网信软件有限公司© 版权所有